Problemas de forma: Schoenberg y Le Corbusier
Uloženo v:
| Hlavní autor: | |
|---|---|
| Médium: | Kniha |
| Jazyk: | španělština |
| Vydáno: |
Barcelona
UPC
1999
|
| Edice: | Materiales de Arquitectura Moderna-Ideas, 4
|
| Témata: | |
| Tagy: |
Přidat tag
Žádné tagy, Buďte první, kdo vytvoří štítek k tomuto záznamu!
|
MARC
| LEADER | 00000nam a2200000 a 4500 | ||
|---|---|---|---|
| 001 | UCO6690 | ||
| 003 | CL-VaPUC | ||
| 005 | 20250224111159.0 | ||
| 008 | 001027e19990000SP |||||||||||||||||spa|d | ||
| 999 | |c 292163 |d 292161 | ||
| 040 | |c Pontificia Universidad Católica de Valparaíso | ||
| 082 | 0 | 4 | |a 724.6 |b ROV |2 21 |
| 100 | 0 | |a Rovira, Teresa |e author |9 451524 | |
| 245 | 1 | 0 | |a Problemas de forma: Schoenberg y Le Corbusier |
| 260 | |a Barcelona |b UPC |c 1999 | ||
| 300 | |a 238 p | ||
| 490 | 0 | |a Materiales de Arquitectura Moderna-Ideas, 4 | |
| 583 | |a last modification |c 20001027 00:00:00 |k Rodrigo Vera | ||
| 600 | 0 | 7 | |a SCHONBERG, ARNOLD |2 CL-VaPUC |9 306737 |
| 600 | 0 | 7 | |a Le Corbusier |d 1887-1965 |9 547939 |
| 650 | 0 | |a Arquitectura moderna |9 265021 | |
| 650 | 0 | |a Arte moderno |9 265333 | |
| 650 | 0 | |a Música contemporánea |9 306742 | |
| 650 | 0 | |a Vanguardias |9 378346 | |
| 650 | 0 | |a Cubismo |9 265275 | |
| 942 | |c BK |2 ddc | ||
| 945 | |d 20001027 00:00:00 |a crobeson | ||
| 952 | |0 0 |1 0 |4 0 |6 724_600000000000000_ROV_1999 |7 0 |8 A |9 342805 |a BIBARQ |b BIBARQ |d 2019-11-20 |i 3645215 |o 724.6 ROV 1999 |p 3645215 |r 2025-01-20 |w 2019-11-20 |y BK |k ARQ | ||